Представление документа в формате RUSMARC

ПолеНазваниеЗначение
  Тип записи a
  Библиографический уровень m
001 Контрольный номер 10be841f010842d09d30ab6731e474fe
005 Дата корректировки 20170614145415.9
010 Индекс ISBN __
a ISBN 978-5-394-02494-8
d Цена 469 руб. 00 к.
101 Язык документа 0_
a Язык текста rus
102 Страна публикации __
a Страна публикации RU
200 Заглавие и сведения об ответственности 1_
a Заглавие Безопасность жизнедеятельности
e Сведения, относящиеся к заглавию Учебник для бакалавров
f Первые сведения об ответственности Под ред. проф. Э.А. Арустамова
205 Сведения об издании __
a Основные сведения об издании 19-е изд.
b Дополнительные сведения об издании перераб. и доп.
210 Выходные данные 1_
a Место издания М.:
c Издательство Издательско-торговая корпорация "Дашков и К"
d Дата издания 2016
215 Физическое описание __
a Объем 448 с.
610 Ключевые слова 0_
a Ключевые слова безопасность жизнедеятельности и производственная среда
a Ключевые слова безопасность жизнедеятельности и окружающая природная среда
a Ключевые слова Безопасность жизнедеятельности и жилая среда
a Ключевые слова обеспечение безопасности и экологичности технических систем
686 Индексы других классификаций __
a Классификационный индекс 68.9
801 Источник записи _0
a Страна RU
b Организация РУК
g Правила каталогизации PSBO
801 Источник записи _1
a Страна RU
b Организация РУК
g Правила каталогизации PSBO
852 Данные о местонахождении __
i Авторский знак Б 40
901 Тип документа __
t Тип документа m
937 Технологическая информация __
a Создатель записи (имя) Иванова
938 Служебная информация __
a Название организации Краснодарский филиал
952 Тип литературы __
b Гриф литературы для ВШ гриф МО